Fußball-Leihspieler des FC Chelsea seit 17/18 - Statistiken

Allgemein
  • Dieses Quiz wurde 15 mal gespielt
  • Das Durchschnittsergebnis liegt bei 25 aus 154
Antwortstatistiken
ÜSaison Verein Antwort % Korrekt
24/25 AFC Bournemouth Kepa Arrizabalaga
83%
23/24 Real Madrid Kepa Arrizabalaga
83%
24/25 FC Arsenal Raheem Sterling
75%
18/19 Borussia Dortmund Christian Pulisic
67%
23/24 AS Rom Romelu Lukaku
67%
22/23 Inter Mailand Romelu Lukaku
67%
24/25 Borussia Dortmund Carney Chukwuemeka
58%
22/23 FC Reading Abdul Rahman Baba
42%
21/22 FC Reading Abdul Rahman Baba
42%
20/21 PAOK Thessaloniki Abdul Rahman Baba
42%
19/20 RCD Mallorca Abdul Rahman Baba
42%
18/19 FC Schalke 04 Abdul Rahman Baba
42%
18/19 Stade Reims Abdul Rahman Baba
42%
17/18 FC Schalke 04 Abdul Rahman Baba
42%
22/23 Bayer 04 Leverkusen Callum Hudson-Odoi
42%
23/24 Borussia Dortmund Ian Maatsen
42%
22/23 AS Monaco Malang Sarr
42%
20/21 FC Porto Malang Sarr
42%
18/19 Aston Villa Tammy Abraham
42%
17/18 Swansea City Tammy Abraham
42%
24/25 Crystal Palace Trevoh Chalobah
42%
24/25 Göztepe David Datro Fofana
33%
23/24 FC Burnley David Datro Fofana
33%
23/24 Union Berlin David Datro Fofana
33%
24/25 AC Mailand João Félix
33%
24/25 Juventus Turin Renato Veiga
33%
24/25 RC Straßburg Andrey Santos
25%
23/24 RC Straßburg Andrey Santos
25%
23/24 Nottingham Forest Andrey Santos
25%
22/23 Vasco da Gama Andrey Santos
25%
24/25 RC Straßburg Djordje Petrovic
25%
24/25 FC Barnsley Gabriel Slonina
25%
23/24 KAS Eupen Gabriel Slonina
25%
22/23 Chicago Fire FC Gabriel Slonina
25%
18/19 FC Everton Kurt Zouma
25%
17/18 Stoke City Kurt Zouma
25%
24/25 FC Southampton Lesley Ugochukwu
25%
22/23 Brighton & Hove Levi Colwill
25%
21/22 Besiktas JK Michy Batshuayi
25%
20/21 Crystal Palace Michy Batshuayi
25%
18/19 Crystal Palace Michy Batshuayi
25%
18/19 FC Valencia Michy Batshuayi
25%
17/18 Borussia Dortmund Michy Batshuayi
25%
24/25 KRC Genk Mike Penders
25%
20/21 FC Fulham Ruben Loftus-Cheek
25%
17/18 Crystal Palace Ruben Loftus-Cheek
25%
22/23 AC Mailand Tiemoué Bakayoko
25%
21/22 AC Mailand Tiemoué Bakayoko
25%
20/21 SSC Neapel Tiemoué Bakayoko
25%
19/20 AS Monaco Tiemoué Bakayoko
25%
18/19 AC Mailand Tiemoué Bakayoko
25%
24/25 CA Boca Juniors Aarón Anselmino
17%
19/20 Atlético Madrid Álvaro Morata
17%
18/19 Atlético Madrid Álvaro Morata
17%
24/25 Aston Villa Axel Disasi
17%
21/22 FC Reading Danny Drinkwater
17%
20/21 Kasimpasa Danny Drinkwater
17%
19/20 FC Burnley Danny Drinkwater
17%
19/20 Aston Villa Danny Drinkwater
17%
20/21 AC Mailand Fikayo Tomori
17%
18/19 Derby County Fikayo Tomori
17%
17/18 Hull City Fikayo Tomori
17%
23/24 IF Brommapojkarna Lucas Bergström
17%
20/21 Spartak Moskau Victor Moses
17%
19/20 Fenerbahce Istanbul Victor Moses
17%
19/20 Inter Mailand Victor Moses
17%
18/19 Fenerbahce Istanbul Victor Moses
17%
24/25 FC Everton Armando Broja
8%
23/24 FC Fulham Armando Broja
8%
24/25 Crystal Palace Ben Chilwell
8%
19/20 Vitesse Arnheim Charly Musonda Jr.
8%
18/19 Vitesse Arnheim Charly Musonda Jr.
8%
17/18 Celtic Glasgow Charly Musonda Jr.
8%
24/25 FC Santos Deivid Washington
8%
21/22 Olympique Lyon Emerson
8%
22/23 Spezia Calcio Ethan Ampadu
8%
21/22 Venezia FC Ethan Ampadu
8%
20/21 Sheffield United Ethan Ampadu
8%
19/20 RB Leipzig Ethan Ampadu
8%
23/24 Galatasaray Hakim Ziyech
8%
21/22 Flamengo Kenedy
8%
20/21 FC Granada Kenedy
8%
19/20 FC Getafe Kenedy
8%
18/19 Newcastle United Kenedy
8%
17/18 Newcastle United Kenedy
8%
20/21 Trabzonspor Lewis Baker
8%
19/20 Fortuna Düsseldorf Lewis Baker
8%
18/19 Leeds United Lewis Baker
8%
18/19 FC Reading Lewis Baker
8%
17/18 FC Middlesbrough Lewis Baker
8%
23/24 Newcastle United Lewis Hall
8%
20/21 Rio Ave FC Lucas Piazón
8%
19/20 Rio Ave FC Lucas Piazón
8%
18/19 Chievo Verona Lucas Piazón
8%
17/18 FC Fulham Lucas Piazón
8%
22/23 Olympique Lyon Malo Gusto
8%
19/20 Atalanta Bergamo Mario Pasalić
8%
18/19 Atalanta Bergamo Mario Pasalić
8%
17/18 Spartak Moskau Mario Pasalić
8%
21/22 Deportivo Alavés Matt Miazga
8%
20/21 RSC Anderlecht Matt Miazga
8%
19/20 FC Reading Matt Miazga
8%
18/19 FC Reading Matt Miazga
8%
18/19 FC Nantes Matt Miazga
8%
17/18 Vitesse Arnheim Matt Miazga
8%
20/21 Aston Villa Ross Barkley
8%
24/25 Sheffield United Alfie Gilchrist
0%
23/24 RC Straßburg Ângelo
0%
24/25 FC Burnley Bashir Humphreys
0%
21/22 Norwich City Billy Gilmour
0%
24/25 FC Watford Caleb Wiley
0%
24/25 RC Straßburg Caleb Wiley
0%
23/24 Leicester City Cesare Casadei
0%
22/23 FC Reading Cesare Casadei
0%
20/21 FK Cukaricki Danilo Pantic
0%
19/20 Videoton FC Fehérvár Danilo Pantic
0%
18/19 FK Partizan Belgrad Danilo Pantic
0%
17/18 FK Partizan Belgrad Danilo Pantic
0%
20/21 Genua CFC Davide Zappacosta
0%
19/20 AS Rom Davide Zappacosta
0%
23/24 Olympique Lyon Diego Moreira
0%
18/19 Vitesse Arnheim Eduardo
0%
20/21 Sheffield Wednesday Izzy Brown
0%
19/20 Luton Town Izzy Brown
0%
18/19 Leeds United Izzy Brown
0%
21/22 Coventry City Jake Clarke-Salter
0%
20/21 Birmingham City Jake Clarke-Salter
0%
19/20 Birmingham City Jake Clarke-Salter
0%
18/19 Vitesse Arnheim Jake Clarke-Salter
0%
20/21 Rotherham United Jamal Blackman
0%
19/20 Vitesse Arnheim Jamal Blackman
0%
19/20 Bristol Rovers Jamal Blackman
0%
18/19 Leeds United Jamal Blackman
0%
17/18 Sheffield United Jamal Blackman
0%
18/19 CD Léganes Kenneth Omeruo
0%
17/18 Kasimpasa Kenneth Omeruo
0%
20/21 Swansea City Marc Guéhi
0%
19/20 Swansea City Marc Guéhi
0%
20/21 PSV Eindhoven Marco van Ginkel
0%
17/18 PSV Eindhoven Marco van Ginkel
0%
18/19 Sheffield Wednesday Michael Hector
0%
17/18 Hull City Michael Hector
0%
19/20 Club Atlético Mineiro Nathan
0%
18/19 Club Atlético Mineiro Nathan
0%
17/18 Amiens SC Nathan
0%
17/18 CF Os Belenenses Nathan
0%
18/19 FC Turin Ola Aina
0%
17/18 Hull City Ola Aina
0%
23/24 Ipswich Town Omari Hutchinson
0%
18/19 Hull City Todd Kane
0%
17/18 Oxford United Todd Kane
0%
17/18 FC Groningen Todd Kane
0%
18/19 Bristol City Tomas Kalas
0%
17/18 FC Fulham Tomas Kalas
0%
Keine übereinstimmenden Quizze gefunden
Verteilung der Resultate
Anzahl Personen mit jedem Resultat
Perzentil nach korrekt beantworteten Fragen
Ihre Resultats-Entwicklung
Sie haben dieses Quiz noch nicht gespielt